[Event "CRO Cup"]
[Site "Mali Losinj"]
[Date "2025.05.18"]
[Round "6.4"]
[White "Vojak, Daniel"]
[Black "Plenca, Julian"]
[Result "1/2-1/2"]
[WhiteElo "2244"]
[BlackElo "2447"]
[PlyCount "98"]
[EventDate "2025.05.14"]
[EventType "team-tourn"]
[EventRounds "6"]
[EventCountry "CRO"]
[SourceTitle "CB21_2025"]
[SourceDate "2025.05.21"]
[SourceVersion "1"]
[SourceVersionDate "2025.05.21"]
[SourceQuality "1"]
[WhiteTeam "Dugo Selo"]
[BlackTeam "Split Mornar"]
[WhiteTeamCountry "CRO"]
[BlackTeamCountry "CRO"]

1. c4 e5 2. Nc3 Nf6 3. Nf3 Nc6 4. e3 Bb4 5. Nd5 Bd6 6. Qc2 Nxd5 7. cxd5 Nb4 8. Qe4 0-0 9. a3 f5 10. Qc4 b5 11. Qb3 Na6 12. d4 e4 13. Ne5 Rb8 14. f4 exf3 15. Nxf3 Kh8 16. Be2 c5 17. 0-0 c4 18. Qc2 Bb7 19. Ne5 Bxe5 20. dxe5 Bxd5 21. Rxf5 Nc5 22. Rxf8+ Qxf8 23. Bd2 Be4 24. Qc3 Qe8 25. Rf1 Bd3 26. Bxd3 Nxd3 27. Qd4 Qe7 28. Qxa7 Rf8 29. Rxf8+ Qxf8 30. e4 h6 31. Qd4 Qe7 32. Bc3 Qg5 33. g3 Qc1+ 34. Kg2 Qc2+ 35. Kg1 Qd1+ 36. Kg2 Qg4 37. Qe3 Kg8 38. Qf3 Qg6 39. Qf5 Qc6 40. Bb4 Nxb2 41. e6 dxe6 42. Qf8+ Kh7 43. Bc3 Qd7 44. Bxb2 Qd2+ 45. Qf2 c3 46. Bxc3 Qxc3 47. Qe2 Qc5 48. h4 Kg6 49. Qf3 Qe5 1/2-1/2

[Event "Bundesliga 2223"]
[Site "Germany"]
[Date "2023.02.04"]
[Round "5.2"]
[White "Plenca, Julian"]
[Black "Santos Ruiz, Miguel"]
[Result "0-1"]
[WhiteElo "2447"]
[BlackElo "2580"]
[PlyCount "74"]
[EventDate "2022.10.21"]
[EventType "team-tourn"]
[EventRounds "15"]
[EventCountry "GER"]
[SourceTitle "CBM 212 Extra"]
[Source "ChessBase"]
[SourceDate "2023.03.31"]
[SourceVersion "1"]
[SourceVersionDate "2023.03.31"]
[SourceQuality "1"]
[WhiteTeam "Schoenaich"]
[BlackTeam "Bayern Muenchen"]
[WhiteTeamCountry "GER"]
[BlackTeamCountry "GER"]

1. e4 c5 2. Nf3 d6 3. d4 cxd4 4. Nxd4 Nf6 5. Nc3 a6 6. g3 e6 7. Bg2 Be7 8. 0-0 Qc7 9. Be3 Nbd7 10. a4 Ne5 11. h3 Bd7 12. g4 h6 13. Nce2 g5 14. Ng3 h5 15. Nxh5 Nxh5 16. gxh5 Nc4 17. Qe2 Nxb2 18. c4 Nxa4 19. Rfc1 Nc5 20. Qd2 Rxh5 21. Nb5 Qb8 22. Rd1 Bc6 23. Nxd6+ Bxd6 24. Qxd6 Qxd6 25. Rxd6 Nd7 26. Ra5 Ke7 27. Rd1 f6 28. Bc1 Ne5 29. c5 Ng6 30. Ra3 Nf4 31. Re3 Rah8 32. Bb2 Nxh3+ 33. Bxh3 Rxh3 34. Rde1 Rh1+ 35. Kg2 R1h2+ 36. Kg1 e5 37. Bc3 R8h4 0-1

[Event "Bundesliga 2223"]
[Site "Germany"]
[Date "2022.10.23"]
[Round "2.1"]
[White "Cheparinov, Ivan"]
[Black "Plenca, Julian"]
[Result "1-0"]
[WhiteElo "2689"]
[BlackElo "2447"]
[PlyCount "75"]
[EventDate "2022.10.21"]
[EventType "team-tourn"]
[EventRounds "15"]
[EventCountry "GER"]
[SourceTitle "CBM 211"]
[Source "ChessBase"]
[SourceDate "2022.12.31"]
[SourceVersion "1"]
[SourceVersionDate "2022.12.31"]
[SourceQuality "1"]
[WhiteTeam "Kiel Turm"]
[BlackTeam "Schoenaich"]
[WhiteTeamCountry "GER"]
[BlackTeamCountry "GER"]

1. e4 e5 2. Nf3 Nc6 3. Bb5 a6 4. Ba4 Nf6 5. 0-0 b5 6. Bb3 Bc5 7. c3 d6 8. d4 Bb6 9. Be3 0-0 10. Nbd2 h6 11. h3 Rb8 12. Re1 Re8 13. Bc2 Bd7 14. Rc1 Nh7 15. Nf1 Na5 16. b3 c5 17. d5 h5 18. N3d2 g6 19. c4 Qf6 20. Nh2 Bd8 21. Rf1 Qg7 22. f4 exf4 23. Bxf4 Rb6 24. Kh1 Bf6 25. Nhf3 g5 26. e5 dxe5 27. Be3 g4 28. Bxc5 Rbb8 29. Ng1 Bd8 30. Ne4 Nb7 31. Ba7 Ra8 32. Be3 gxh3 33. gxh3 f5 34. Qxh5 Bf6 35. Ne2 fxe4 36. Rg1 Nd6 37. c5 Nf5 38. Bxe4 1-0

[Event "CRO-chT1A 30th"]
[Site "Porec"]
[Date "2022.09.28"]
[Round "5.2"]
[White "Zivkovic, Vjekoslav"]
[Black "Plenca, Julian"]
[Result "1/2-1/2"]
[WhiteElo "2364"]
[BlackElo "2447"]
[PlyCount "130"]
[EventDate "2022.09.24"]
[EventType "team-tourn"]
[EventRounds "9"]
[EventCountry "CRO"]
[SourceTitle "CBM 210 Extra"]
[Source "ChessBase"]
[SourceDate "2022.11.30"]
[SourceVersion "1"]
[SourceVersionDate "2022.11.30"]
[SourceQuality "1"]
[WhiteTeam "Osijek Ferit"]
[BlackTeam "Split Mornar"]
[WhiteTeamCountry "CRO"]
[BlackTeamCountry "CRO"]

1. e4 e5 2. Nf3 Nc6 3. Bc4 Bc5 4. d3 Nf6 5. Bg5 h6 6. Bh4 g5 7. Bg3 d6 8. c3 Bb6 9. Nbd2 g4 10. Nh4 Ne7 11. Qb3 Rf8 12. 0-0-0 c6 13. Rhe1 Nh5 14. d4 Nxg3 15. hxg3 exd4 16. Nf5 Nxf5 17. exf5+ Kd7 18. Bxf7 Kc7 19. Be6 Qg5 20. Kb1 Bxe6 21. fxe6 d5 22. f4 Qf5+ 23. Ka1 Rae8 24. Re5 Qg6 25. Rde1 Qd3 26. Nf1 Rf6 27. Rd1 Qa6 28. f5 dxc3 29. Qxc3 Kb8 30. Rexd5 Rfxe6 31. Rd7 Re4 32. f6 Ba5 33. Qc1 Rc8 34. f7 c5 35. Nd2 Ra4 36. a3 Qe6 37. Nb1 Rc4 38. Nc3 a6 39. Qc2 Rd4 40. R1xd4 cxd4 41. Rxd4 Qxf7 42. Rxg4 Bxc3 43. bxc3 Rc6 44. Rb4 Qg7 45. Qb2 Ka8 46. Ka2 Qf7+ 47. Ka1 Re6 48. Qd2 Qe7 49. Qd5 Re2 50. Qd4 Re1+ 51. Ka2 Qe6+ 52. c4 Re2+ 53. Rb2 Re4 54. Qd5 Qxd5 55. cxd5 Rd4 56. Rb6 Rxd5 57. Rxh6 Rd2+ 58. Kb3 Rd3+ 59. Kb2 Rxg3 60. Rh2 Ka7 61. Ka2 Kb6 62. Kb2 Ka5 63. Ka2 b5 64. Rh6 Rxg2+ 65. Kb3 Rg3+ 1/2-1/2

[Event "BL2-Sued 2122"]
[Site "Germany"]
[Date "2022.05.14"]
[Round "5.6"]
[White "Plenca, Julian"]
[Black "Tompa, Janos"]
[Result "1-0"]
[WhiteElo "2443"]
[BlackElo "2327"]
[PlyCount "61"]
[EventDate "2022.03.05"]
[EventType "team-tourn"]
[EventRounds "10"]
[EventCountry "GER"]
[SourceTitle "EXT 2023"]
[Source "ChessBase"]
[SourceDate "2022.10.05"]
[SourceVersion "1"]
[SourceVersionDate "2022.10.05"]
[SourceQuality "1"]
[WhiteTeam "Schoenaich"]
[BlackTeam "Walldorf"]
[WhiteTeamCountry "GER"]
[BlackTeamCountry "GER"]

1. e4 c5 2. Nf3 e6 3. d4 cxd4 4. Nxd4 Bc5 5. Nb3 Bb6 6. Nc3 Ne7 7. Bg5 0-0 8. Qd2 Nbc6 9. 0-0-0 f5 10. exf5 Rxf5 11. Be3 d5 12. f4 Rf7 13. g3 Nf5 14. Bxb6 Qxb6 15. Bh3 a5 16. Bxf5 Rxf5 17. Nd4 Nxd4 18. Qxd4 Qxd4 19. Rxd4 g5 20. fxg5 Rxg5 21. Rf1 Rg7 22. Ne4 Bd7 23. Nf6+ Kh8 24. Ng4 Bb5 25. Re1 Rg6 26. a4 Bc6 27. Rf4 Re8 28. Ne5 Rg7 29. Ref1 h6 30. Rh4 Rh7 31. Ng4 1-0

[Event "BL2-Sued 2122"]
[Site "Germany"]
[Date "2022.03.06"]
[Round "2.4"]
[White "Plenca, Julian"]
[Black "Neyman, Igor"]
[Result "1/2-1/2"]
[WhiteElo "2443"]
[BlackElo "2336"]
[PlyCount "84"]
[EventDate "2022.03.05"]
[EventType "team-tourn"]
[EventRounds "10"]
[EventCountry "GER"]
[SourceTitle "EXT 2023"]
[Source "ChessBase"]
[SourceDate "2022.10.05"]
[SourceVersion "1"]
[SourceVersionDate "2022.10.05"]
[SourceQuality "1"]
[WhiteTeam "Schoenaich"]
[BlackTeam "Stuttgart"]
[WhiteTeamCountry "GER"]
[BlackTeamCountry "GER"]

1. e4 c5 2. Nf3 Nc6 3. d4 cxd4 4. Nxd4 e5 5. Nb5 d6 6. g3 Be7 7. Bg2 Be6 8. a4 a6 9. N5c3 Nf6 10. 0-0 Nb4 11. Bg5 Rc8 12. Na3 0-0 13. Qd2 Qd7 14. b3 Rfd8 15. Bxf6 Bxf6 16. Nd5 Nxd5 17. exd5 Bf5 18. c4 Qc7 19. a5 b6 20. Rfc1 h6 21. h4 Rb8 22. axb6 Qxb6 23. c5 dxc5 24. Nc4 Qxb3 25. Rxa6 Qd3 26. Qa5 Bd7 27. Ne3 e4 28. Bf1 Qd4 29. Rxc5 Qb2 30. Rc2 Qb1 31. Qd2 Rdc8 32. Rxc8+ Rxc8 33. d6 Rd8 34. Kg2 Be6 35. Be2 Qb3 36. Qa5 Qb8 37. Bc4 Qc8 38. Bxe6 Qxe6 39. Qc7 h5 40. Rb6 Kh7 41. Qc5 g6 42. d7 Be7 1/2-1/2

[Event "CRO-chT1A 28th"]
[Site "Mali Losinj"]
[Date "2019.10.02"]
[Round "5.44"]
[White "Zivkovic, Vjekoslav"]
[Black "Plenca, Julian"]
[Result "1/2-1/2"]
[WhiteElo "2362"]
[BlackElo "2423"]
[PlyCount "87"]
[EventDate "2019.09.28"]
[EventType "team-tourn"]
[EventRounds "9"]
[EventCountry "CRO"]
[SourceTitle "EXT 2020"]
[Source "ChessBase"]
[SourceDate "2019.10.17"]
[SourceVersion "1"]
[SourceVersionDate "2019.10.17"]
[SourceQuality "1"]
[WhiteTeam "Osijek Ferit"]
[BlackTeam "Split Mornar"]
[WhiteTeamCountry "CRO"]
[BlackTeamCountry "CRO"]

1. e4 c5 2. Nf3 Nc6 3. Bb5 d6 4. d4 cxd4 5. Qxd4 Bd7 6. Qd3 Rc8 7. c4 Nf6 8. Nc3 g6 9. 0-0 Bg7 10. Be3 b6 11. Bxc6 Bxc6 12. Nd5 e6 13. Nxf6+ Bxf6 14. Bd4 e5 15. Bc3 0-0 16. Bb4 Be7 17. Rfd1 f5 18. Qa3 Bxe4 19. Nxe5 Rf6 20. Bc3 Qc7 21. Nf3 Rf7 22. Bb4 Rd8 23. Qb3 Bxf3 24. gxf3 Bf6 25. Bc3 Be5 26. Bxe5 dxe5 27. Rxd8+ Qxd8 28. Rd1 Qg5+ 29. Kh1 Qh4 30. Qe3 Re7 31. b3 Kf7 32. Rd5 e4 33. f4 Qg4 34. h3 Qh4 35. Kg2 Qf6 36. a4 h6 37. a5 g5 38. axb6 axb6 39. fxg5 hxg5 40. Qd4 Qxd4 41. Rxd4 Ke6 42. Rd5 Rc7 43. Rb5 Rc6 44. Kf1 1/2-1/2

[Event "CRO-chT1A 28th"]
[Site "Mali Losinj"]
[Date "2019.10.01"]
[Round "4.24"]
[White "Plenca, Julian"]
[Black "Kuljasevic, Davorin"]
[Result "0-1"]
[WhiteElo "2423"]
[BlackElo "2550"]
[PlyCount "134"]
[EventDate "2019.09.28"]
[EventType "team-tourn"]
[EventRounds "9"]
[EventCountry "CRO"]
[SourceTitle "EXT 2020"]
[Source "ChessBase"]
[SourceDate "2019.10.17"]
[SourceVersion "1"]
[SourceVersionDate "2019.10.17"]
[SourceQuality "1"]
[WhiteTeam "Split Mornar"]
[BlackTeam "Rijeka Liburnija"]
[WhiteTeamCountry "CRO"]
[BlackTeamCountry "CRO"]

1. e4 e5 2. Nf3 Nc6 3. Bc4 Bc5 4. c3 Nf6 5. d4 exd4 6. e5 d5 7. Bb5 Ne4 8. cxd4 Bb6 9. Nc3 0-0 10. Be3 Bg4 11. h3 Bh5 12. Qc2 Nxc3 13. bxc3 f6 14. exf6 Qxf6 15. Be2 Na5 16. Ne5 Bxe2 17. Qxe2 Qe6 18. 0-0 Rae8 19. Rab1 c6 20. Kh1 Bc7 21. f4 b5 22. Rbe1 Nc4 23. Rf3 c5 24. Bg1 cxd4 25. cxd4 Ba5 26. Rd1 Qf5 27. Bh2 Rc8 28. Rb3 Nd6 29. Rxb5 Rc2 30. Qf3 Nxb5 31. Qxd5+ Kh8 32. Qxb5 Qe4 33. Rg1 Bb6 34. Qb4 Rcc8 35. Nf3 Qd5 36. Qb1 Qf5 37. Qb4 Qd5 38. a4 Qc4 39. Qe7 Qxa4 40. f5 Qe8 41. Qg5 Qd7 42. Be5 Rxf5 43. Qg3 Bc7 44. Qg4 Rcf8 45. Rc1 Bxe5 46. dxe5 Qe7 47. Qe4 Rf4 48. Qe3 a5 49. e6 R4f6 50. Re1 Re8 51. Qc3 Rxe6 52. Rxe6 Qxe6 53. Qxa5 Qe4 54. Qd2 Rf8 55. Qc3 Qf4 56. Qc5 Rb8 57. Qc2 h6 58. Qd3 Rc8 59. Kg1 Rc1+ 60. Kf2 Qc7 61. Qa6 Qc5+ 62. Kg3 Qc7+ 63. Kf2 Rc2+ 64. Kg1 Qg3 65. Qf1 Rb2 66. Kh1 Rf2 67. Qg1 Rxf3 0-1

[Event "CRO Cup"]
[Site "Mali Losinj"]
[Date "2019.05.16"]
[Round "2.52"]
[White "Plenca, Julian"]
[Black "Ascic, Pero"]
[Result "1/2-1/2"]
[WhiteElo "2411"]
[BlackElo "2324"]
[PlyCount "70"]
[EventDate "2019.05.15"]
[EventType "team-swiss"]
[EventRounds "6"]
[EventCountry "CRO"]
[SourceTitle "CBM 190 Extra"]
[Source "ChessBase"]
[SourceDate "2019.07.15"]
[SourceVersion "1"]
[SourceVersionDate "2019.07.15"]
[SourceQuality "1"]
[WhiteTeam "Split Mornar"]
[BlackTeam "Dakovo"]
[WhiteTeamCountry "CRO"]
[BlackTeamCountry "CRO"]

1. e4 e5 2. Nf3 Nf6 3. Nxe5 d6 4. Nf3 Nxe4 5. c4 Be7 6. d4 0-0 7. Bd3 Nf6 8. h3 Re8 9. 0-0 b6 10. Nc3 Bb7 11. d5 Nbd7 12. Bc2 Bf8 13. Bg5 h6 14. Be3 Ba6 15. Ba4 Bxc4 16. Re1 b5 17. Bxb5 Bxb5 18. Nxb5 Nb6 19. Bxb6 Rxe1+ 20. Nxe1 cxb6 21. Qf3 g6 22. Rc1 a6 23. Nd4 Nd7 24. Nd3 Bg7 25. Nc6 Qf6 26. Qe4 Bf8 27. b4 b5 28. Na5 Qg5 29. h4 Qd8 30. g3 Nf6 31. Qf3 Bg7 32. Rc6 Qd7 33. Nf4 Re8 34. Rxa6 Qf5 35. Qd3 Re4 1/2-1/2

[Event "BL2-Sued 1819"]
[Site "Germany"]
[Date "2018.12.15"]
[Round "3.7"]
[White "Reinhardt, Bernd"]
[Black "Plenca, Julian"]
[Result "0-1"]
[WhiteElo "2172"]
[BlackElo "2415"]
[PlyCount "119"]
[EventDate "2018.11.10"]
[EventType "team-tourn"]
[EventRounds "10"]
[EventCountry "GER"]
[SourceTitle "CBM 190 Extra"]
[Source "ChessBase"]
[SourceDate "2019.07.15"]
[SourceVersion "1"]
[SourceVersionDate "2019.07.15"]
[SourceQuality "1"]
[WhiteTeam "Bad Mergentheim"]
[BlackTeam "Schoenaich"]
[WhiteTeamCountry "GER"]
[BlackTeamCountry "GER"]

1. Nf3 Nf6 2. d4 g6 3. Bf4 Bg7 4. e3 0-0 5. Be2 d6 6. h3 c5 7. c3 b6 8. 0-0 Bb7 9. Nbd2 Nbd7 10. Bg3 a6 11. a4 Ra7 12. Qb1 Qa8 13. Bd3 cxd4 14. cxd4 Nd5 15. Rc1 Nb4 16. Be4 a5 17. Bxb7 Rxb7 18. Bh4 Re8 19. Ra3 Qa6 20. Rac3 Rbb8 21. Rc7 Nf6 22. Bxf6 Bxf6 23. Ne4 b5 24. axb5 Qxb5 25. Nxf6+ exf6 26. R7c4 a4 27. Ne1 f5 28. g3 h5 29. h4 d5 30. Rc5 Qe2 31. R5c3 Rb6 32. Ra3 f4 33. gxf4 Nc6 34. Qc2 Qg4+ 35. Ng2 Reb8 36. Rf1 Ne7 37. Qd1 Qh3 38. e4 Rb3 39. f5 dxe4 40. fxg6 Nxg6 41. Rxb3 Rxb3 42. Qc1 Qg4 43. Qg5 Qxg5 44. hxg5 Rd3 45. Rc1 Rxd4 46. Rc8+ Kh7 47. Ra8 Ne5 48. Nf4 h4 49. Kg2 Nd3 50. Ne2 Rc4 51. Kh3 Rc2 52. Nd4 Rxf2 53. Rxa4 e3 54. Ra1 Nf4+ 55. Kxh4 e2 56. Nc2 Rf1 57. Kg3 Nd5 58. Ra3 Nb4 59. Ne1 Rxe1 60. Re3 0-1

[Event "CRO-chT1B 26th"]
[Site "Mali Losinj"]
[Date "2017.09.28"]
[Round "1.1"]
[White "Plenca, Julian"]
[Black "Bender, Ivan"]
[Result "0-1"]
[WhiteElo "2416"]
[BlackElo "2231"]
[PlyCount "76"]
[EventDate "2017.09.28"]
[EventType "team-tourn"]
[EventRounds "9"]
[EventCountry "CRO"]
[SourceTitle "EXT 2018"]
[Source "ChessBase"]
[SourceDate "2017.10.13"]
[SourceVersion "1"]
[SourceVersionDate "2017.10.13"]
[SourceQuality "1"]
[WhiteTeam "Split Mornar"]
[BlackTeam "Dubrovnik"]
[WhiteTeamCountry "CRO"]
[BlackTeamCountry "CRO"]

1. e4 c5 2. Nf3 d6 3. Bb5+ Bd7 4. Bxd7+ Qxd7 5. d4 cxd4 6. Qxd4 Nc6 7. Qd3 Rb8 8. 0-0 Nf6 9. Bg5 Ng4 10. Bf4 g6 11. h3 Nf6 12. c4 b5 13. c5 e5 14. Bg5 dxc5 15. Qe2 Be7 16. Bxf6 Bxf6 17. Nc3 Nd4 18. Nxd4 exd4 19. Nd5 Bg7 20. Rac1 c4 21. b3 c3 22. Rfd1 Qb7 23. h4 0-0 24. a4 a6 25. h5 Rfe8 26. Qf3 Re6 27. axb5 axb5 28. Rd3 g5 29. h6 Rxh6 30. Qg3 Re8 31. Qxg5 Rg6 32. Qh4 Rh6 33. Qg4 Qb8 34. g3 Qe5 35. Re1 Rg6 36. Qd7 Rd6 37. f4 Rxd5 38. Qc6 Rd6 0-1

[Event "Zadar op-A 23rd"]
[Site "Zadar"]
[Date "2016.12.12"]
[Round "3"]
[White "Plenca, Julian"]
[Black "Blazeka, Matej"]
[Result "1/2-1/2"]
[WhiteElo "2415"]
[BlackElo "2284"]
[PlyCount "70"]
[EventDate "2016.12.11"]
[EventType "swiss"]
[EventRounds "9"]
[EventCountry "CRO"]
[SourceTitle "CBM 176 Extra"]
[Source "ChessBase"]
[SourceDate "2017.03.02"]
[SourceVersion "1"]
[SourceVersionDate "2017.03.02"]
[SourceQuality "1"]

1. e4 e5 2. Nf3 Nc6 3. Bc4 Bc5 4. b4 Bxb4 5. c3 Be7 6. d4 Na5 7. Be2 d6 8. Qa4+ c6 9. dxe5 dxe5 10. Nxe5 Nf6 11. 0-0 b5 12. Qc2 Qc7 13. Nf3 0-0 14. Bg5 Ng4 15. Bxe7 Qxe7 16. Nbd2 a6 17. a4 Bd7 18. h3 Ne5 19. axb5 Nxf3+ 20. Nxf3 axb5 21. e5 c5 22. Bd3 h6 23. Rfe1 Bc6 24. Bh7+ Kh8 25. Be4 Qe6 26. Red1 Qb3 27. Qe2 Qxc3 28. e6 fxe6 29. Nh4 Bxe4 30. Qxe4 Rfe8 31. Ng6+ Kg8 32. Ne5 Qb4 33. Qg6 Qf4 34. Rxa5 Qxe5 35. Rxb5 Red8 1/2-1/2

[Event "CRO-chT1B 25th"]
[Site "Sibenik"]
[Date "2016.10.13"]
[Round "6.4"]
[White "Plenca, Julian"]
[Black "Biti, Ozren"]
[Result "1/2-1/2"]
[WhiteElo "2413"]
[BlackElo "2356"]
[PlyCount "21"]
[EventDate "2016.10.08"]
[EventType "team-tourn"]
[EventRounds "9"]
[EventCountry "CRO"]
[SourceTitle "EXT 2017"]
[Source "ChessBase"]
[SourceDate "2016.10.25"]
[SourceVersion "1"]
[SourceVersionDate "2016.10.25"]
[SourceQuality "1"]
[WhiteTeam "Split Mornar"]
[BlackTeam "Djakovo"]
[WhiteTeamCountry "CRO"]
[BlackTeamCountry "CRO"]

1. d4 Nf6 2. Nf3 d6 3. g3 Nbd7 4. Bg2 g6 5. 0-0 Bg7 6. c4 0-0 7. Nc3 e5 8. e4 exd4 9. Nxd4 Re8 10. h3 Nc5 11. Re1 1/2-1/2

[Event "CRO-chT1B 25th"]
[Site "Sibenik"]
[Date "2016.10.12"]
[Round "5.2"]
[White "Markotic, Gordan"]
[Black "Plenca, Julian"]
[Result "0-1"]
[WhiteElo "2276"]
[BlackElo "2413"]
[PlyCount "126"]
[EventDate "2016.10.08"]
[EventType "team-tourn"]
[EventRounds "9"]
[EventCountry "CRO"]
[SourceTitle "EXT 2017"]
[Source "ChessBase"]
[SourceDate "2016.10.25"]
[SourceVersion "1"]
[SourceVersionDate "2016.10.25"]
[SourceQuality "1"]
[WhiteTeam "Dubrovnik"]
[BlackTeam "Split Mornar"]
[WhiteTeamCountry "CRO"]
[BlackTeamCountry "CRO"]

1. e4 c5 2. b4 cxb4 3. Bb2 d5 4. exd5 Nf6 5. c4 bxc3 6. Nxc3 Nxd5 7. Qb3 Nb6 8. Nf3 Be6 9. Qb4 Nc6 10. Qh4 Bd5 11. Nxd5 Qxd5 12. Be2 e6 13. 0-0 Be7 14. Qg3 Bf6 15. Bxf6 gxf6 16. Qf4 Ke7 17. Rfe1 Rad8 18. Rac1 Rhg8 19. Bf1 Rd7 20. Re4 Qxa2 21. Rce1 Qb2 22. Qh4 Rgd8 23. Qxh7 Kd6 24. Qg7 Kc7 25. h4 a5 26. h5 a4 27. h6 a3 28. h7 a2 29. h8Q Rxh8 30. Qxh8 a1Q 31. Rxa1 Qxa1 32. g3 Nd5 33. Re1 Qa4 34. Bg2 Qg4 35. Qf8 Qb4 36. Qg8 f5 37. Rc1 Qb2 38. Re1 Qf6 39. Qf8 f4 40. Qc5 fxg3 41. fxg3 Qe7 42. Qxe7 Ndxe7 43. Rc1 f6 44. Kf2 e5 45. Ke2 Kb8 46. Nh4 Nd4+ 47. Ke1 Rd6 48. Rb1 b5 49. Nf3 Nef5 50. Nxd4 Nxd4 51. Be4 Kc7 52. Bd3 Kb6 53. Kf2 Rd8 54. Rh1 f5 55. Rh6+ Ka5 56. Rf6 e4 57. Bb1 b4 58. g4 fxg4 59. Bxe4 b3 60. Rg6 Nc2 61. Ke2 Re8 62. Kd3 Rxe4 63. Kxe4 b2 0-1

[Event "Split op 6th"]
[Site "Split"]
[Date "2016.08.19"]
[Round "8"]
[White "Makovec, Bruno"]
[Black "Plenca, Julian"]
[Result "0-1"]
[WhiteElo "2281"]
[BlackElo "2410"]
[PlyCount "90"]
[EventDate "2016.08.13"]
[EventType "swiss"]
[EventRounds "9"]
[EventCountry "CRO"]
[SourceTitle "CBM 173 Extra"]
[Source "ChessBase"]
[SourceDate "2016.08.29"]
[SourceVersion "1"]
[SourceVersionDate "2016.08.29"]
[SourceQuality "1"]

1. d4 Nf6 2. Nf3 g6 3. c4 Bg7 4. g3 d5 5. cxd5 Nxd5 6. Bg2 Nb6 7. 0-0 Nc6 8. e3 e5 9. Nxe5 Nxe5 10. dxe5 Qxd1 11. Rxd1 Bxe5 12. Nc3 0-0 13. e4 Bg4 14. f3 Be6 15. f4 Bxc3 16. bxc3 Rfd8 17. Be3 Rxd1+ 18. Rxd1 Bxa2 19. Ra1 Be6 20. e5 a5 21. Bxb7 Rb8 22. Ba6 Ra8 23. Bb7 Rd8 24. Bd4 Nc4 25. Ba6 Nd2 26. Rxa5 Ra8 27. Ra4 Nf3+ 28. Kf2 Nxd4 29. cxd4 Bd7 30. Ra5 Bc8 31. Rc5 Rxa6 32. Rxc7 Be6 33. Rc5 Ra2+ 34. Ke3 Rxh2 35. d5 Bg4 36. Rc7 Rg2 37. e6 Rxg3+ 38. Ke4 Bf5+ 39. Ke5 Re3+ 40. Kf6 Bxe6 41. Re7 h5 42. f5 Rf3 43. Re8+ Kh7 44. dxe6 Rxf5+ 45. Ke7 fxe6 0-1